Online
Catalog

Que hay entre las estrellas? / (Record no. 10402)

MARC details
000 -CABECERA
campo de control de longitud fija 00716cam a2200229 a 4500
001 - NÚMERO DE CONTROL
campo de control 000010644
005 - FECHA Y HORA DE LA ÚLTIMA TRANSACCIÓN
campo de control 20250725140219.0
008 - DATOS DE LONGITUD FIJA--INFORMACIÓN GENERAL
campo de control de longitud fija 971029s1996 ag a b 001 0 spa
020 ## - NÚMERO INTERNACIONAL ESTÁNDAR DEL LIBRO
Número Internacional Estándar del Libro 8478290079
040 ## - FUENTE DE LA CATALOGACIÓN
Centro catalogador/agencia de origen DO-SdBNP
Centro/agencia transcriptor DLC
082 ## - NÚMERO DE LA CLASIFICACIÓN DECIMAL DEWEY
Número de clasificación 523.8
-- A744q
049 ## - FONDOS LOCALES (OCLC)
Fondos de biblioteca BNGR
100 1# - ENTRADA PRINCIPAL--NOMBRE DE PERSONA
Nombre de persona Arnau, Arturo
Forma completa/desarrollada del nombre (Arnau Tarín, Arturo)
Fechas asociadas al nombre 1958-
9 (RLIN) 25769
245 10 - MENCIÓN DE TÍTULO
Título Que hay entre las estrellas? /
Mención de responsabilidad, etc. Arturo Arnau.
260 ## - PUBLICACIÓN, DISTRIBUCIÓN, ETC.
Lugar de publicación, distribución, etc. Madrid :
Nombre del editor, distribuidor, etc. Addison-Wesley Iberoamericana,
Fecha de publicación, distribución, etc. 1996.
300 ## - DESCRIPCIÓN FÍSICA
Extensión xi, 208 p. :
Otras características físicas il. ;
Dimensiones 24 cm.
504 ## - NOTA DE BIBLIOGRAFÍA, ETC.
Nota de bibliografía, etc. Incluye referencias bibliográficas (p. [195] -198).
650 #4 - PUNTO DE ACCESO ADICIONAL DE MATERIA--TÉRMINO DE MATERIA
Término de materia o nombre geográfico como elemento de entrada Estrellas
9 (RLIN) 25770
650 #0 - PUNTO DE ACCESO ADICIONAL DE MATERIA--TÉRMINO DE MATERIA
Término de materia o nombre geográfico como elemento de entrada Cosmología
9 (RLIN) 1848
650 #4 - PUNTO DE ACCESO ADICIONAL DE MATERIA--TÉRMINO DE MATERIA
Término de materia o nombre geográfico como elemento de entrada Astrofísica
9 (RLIN) 25771
910 ## - DATOS DE OPCIÓN DEL USUARIO (OCLC)
Datos de opción del usuario Catalogación derivada
Holdings
Estado de retiro Estado de pérdida Restricciones de uso No para préstamo Código de colección Localización permanente Ubicación/localización actual Ubicación en estantería Fecha de adquisición Número de inventario Total de préstamos Signatura topográfica completa Código de barras Fecha visto por última vez Precio válido a partir de Tipo de ítem Koha Número de copia
    Préstamo interno   Monografías: Libros y Folletos General General En catalogación 08.10.2009 LF1   523.8 A744q 10644-10 25.06.2020 25.06.2020 Préstamo interno  
    Préstamo restringido Préstamo restrigido Monografías: Libros y Folletos General General En catalogación 08.10.2009 LF1   523.8 A744q 10644-20 25.06.2020 25.06.2020 Préstamo interno e.2

Powered by Koha